00321nam a2200121Ia 4500008004100000082001900041100001600060245004600076250000800122260004500130300000800175650001600183191201s2004 xx 000 0 und d a621.38804bGUC aGULATI, R R 0aColour Television Principles and Practice aRep aN.DelhibNew Age International Pubc2004 a557 aB.Tech(ECE)